| 000 | 00472nam a22001817a 4500 | ||
|---|---|---|---|
| 003 | OSt | ||
| 005 | 20140310182848.0 | ||
| 008 | 130613t xxu||||| |||| 00| 0 eng d | ||
| 050 |
_aMT 70 _b.D336 |
||
| 082 |
_aM 784.184 _bD37 19 |
||
| 245 |
_aRubank Symphonette Orchestra Folio / _cDeLamater, E. |
||
| 260 |
_aChicago, Ill : _bRubank Inc, |
||
| 300 |
_a13 p. : _c26 cm. |
||
| 526 | _ccollege students | ||
| 541 | _j1 | ||
| 562 | _e1 | ||
| 942 |
_2lcc _cBK _kM |
||
| 999 |
_c16950 _d16950 |
||